Culture Sport - 10 thèmes - 100 questions - Statistiques

Statistiques générales
  • Ce quiz a été pris 413 fois
  • Le résultat moyen est 40 sur 100
Statistiques - réponses
Hint Réponse % Correct
Pays en tête au palmarès des nations toutes éditions confondues Etats-Unis
96%
Nombre d’éditions des Jeux Olympiques annulées 3
95%
Pays le plus titré de la Coupe du Monde Brésil
92%
Joueur le plus titré au ballon d’or Lionel Messi
92%
Lieu de la première édition des JO modernes en 1896 Athènes
91%
Nageur le plus titré de l’histoire des Jeux Michael Phelps
90%
Club le plus titré de la Ligue des Champions Real Madrid
86%
Sprinteur jamaïcain, recordman du monde sur 100m et 200m Usain Bolt
85%
Auteur du but dit de « la main de dieu » en 1986 Diego Maradona
84%
Joueur serbe, recordman du nombre de grand chelem remporté (24) Novak Djokovic
75%
Français avec le plus de médailles d’or (JO été et hiver confondus) Martin Fourcade
73%
Seul français à avoir gagné un grand chelem de l’ère Open Yannick Noah
73%
Longueur (en mètres) standard d’une piste d’athlétisme de plein air 400
72%
Président controversé de l’OM entre 1986 et 1994 Bernard Tapie
72%
Quel judoka français détient le record de onze titres de champion du monde Teddy Riner
70%
Dernier des 4 grands chelems du calendrier US Open
69%
Prix remis au « plus beau but de l’année » Puskas
68%
Quel basketteur est le seul a avoir marqué plus de 40 000 points en NBA Lebron James
65%
Baron français à l’origine des JO modernes Pierre de Coubertin
65%
Entraîneur historique de Manchester United de 1986 à 2013 Alex Ferguson
64%
Écurie avec laquelle Schumacher remporte 5 championnat F1 consécutif Ferrari
64%
En escrime il y a trois types d’armes : le sabre, l’épée et … fleuret
63%
Quel boxeur célèbre a pour nom de naissance Cassius Marcellus Clay Mohamed Ali
62%
Année du doublé olympique de Marie-José Pérec sur 200m et 400m 1996
61%
Qui était Roland Garros (son métier) aviateur
61%
Course cycliste de 21 étapes surnommée « la Grande Boucle » Tour de France
61%
Surnom de l’équipe de Nouvelle-Zélande de rugby à XV All Blacks
60%
Biathlète français, 13 fois champions du monde et 5 fois médaillés d’or aux JO Martin Fourcade
59%
De quelle forme est la cage dans laquelle on pratique le MMA octogone
59%
Nation la plus médaillée au JO d’hiver toutes éditions confondues Norvège
58%
Événement sportif le plus suivi des US, il clôture la saison de NFL Super Bowl
58%
Triple champion F1, mort suite à un accident sur le circuit d’Imola en 1994 Ayrton Senna
57%
Pilote français champion WRC neuf fois consécutivement Sebastien Loeb
57%
A 17 ans, quel pongiste français est entré dans le top 5 mondial Felix Lebrun
55%
Que signifie l’abréviation K.O knock out
55%
Sport qui a rapporté le plus de médailles à la France dans l’histoire des Jeux Escrime
53%
Depuis 2014, de quel club français, Tony Parker est-il le président ASVEL
52%
Épreuve combinée féminine composé de sept disciplines différentes Heptathlon
52%
Premier français a avoir été numéro de la draft NBA Victor Wembanyama
52%
Course d’endurance la plus célèbre au monde, empruntant le circuit Bugatti 24h du Mans
49%
Seule française a avoir atteint la place de n°1 mondiale sous l’ère Open Amelie Mauresmo
48%
A quelle franchise NBA appartiennent les Nuggets Denver
48%
Chant célèbre des supporters à Anfield ou au Celtic Park You'll never walk alone
48%
Quel événement annuel en NBA voit s’opposer les meilleurs joueurs des Conférences Est et Ouest All Star Game
47%
Sport pratiqué en majorité par les membres du Commonwealth, il réunit plus de 2 milliards de téléspectateurs lors de sa coupe du monde Cricket
47%
Club féminin le plus titré en Ligue des Champions Olympique Lyonnais
45%
Gymnaste américaine la plus titrée de l’histoire Simone Biles
45%
Mike Powell est le détenteur du record du monde de cet épreuve Saut en longueur
44%
Hauteur (en mètres) atteint par Duplantis lors de son record du monde à la perche du 20/04/24 6,24
43%
Quel français est le premier a avoir été champion du monde MotoGP Fabio Quartararo
43%
Sauteur et sprinteur, il est élu « sportif du siècle » par le CIO en 1999 Carl Lewis
38%
Que signifie le sigle GT Gran Turismo
38%
Porte-drapeau française au JO 2020, elle est l’une des meilleures judokates françaises de l’histoire Clarisse Agbegnenou
36%
Au volley, quel poste occupe le joueur au maillot d’une couleur différente de ses partenaires libéro
36%
Quel club est le plus titré de l’EuroLeague Real Madrid
36%
Premier combattant MMA a avoir été champion dans deux catégories différentes Conor McGregor
35%
Meurtrier, il est aussi le premier athlète amputé à concourir avec les valides Oscar Pistorius
35%
Récompense décernée aux vainqueurs de la coupe du monde de ski alpin, de ski de fond ou de biathlon Globe de cristal
34%
Athlète française 23 fois championne de France du lancer du disque Mélina Robert-Michon
32%
Avec qui Caroline Garcia a remporté ses titres en double dames à Roland Garros Mladenovic
32%
Dans quel type de lutte, l’utilisation des jambes est interdite gréco-romaine
31%
Quel surnom avait l’équipe de France de handball entre 2008 et 2017 Les Experts
31%
Nom de l’équivalent du football pour les déficients visuels cecifoot
30%
Quel numéro de maillot a été retiré par les Lakers en l’honneur de Shaquille O’Neal 34
26%
Sur quel type de circuit se dispute la quasi-totalité des courses NASCAR ovale
26%
Dans quelle épreuve de ski acrobatique est spécialisé Perrine Laffont bosses
24%
En ski alpin, il existe deux épreuves de vitesse : la descente et … super G
23%
Seule nation souveraine a n’avoir jamais concouru aux JO Vatican
23%
Quel est la vitesse (en km/h) du service le plus rapide de l’histoire 263
22%
Recordwoman du nombre de sélection en équipe de France Celine Dumerc
20%
La première édition des JO d’hiver de 1924 s’est déroulé dans quelle ville Chamonix
20%
Hauteur (en mètres) des haies sur le 110m haies masculin 1,06
19%
Quelle compétition de golf fait affronter tous les 2 ans une équipe américaine à une européenne Ryder Cup
19%
Quel joueur est le plus titré de l’histoire de la NBA Bill Russell
18%
La paire Papadakis-Cizeron est 5 fois championne du monde et a le record du monde de quelle discipline danse sur glace
15%
Quel style de jeu était caractéristique de la championne Martina Navratilova service-volée
15%
Pilote auto et moto, il détient le record de victoires au Rallye Dakar Stéphane Peterhansel
15%
En 2020, le 3x3 est devenu sport olympique, quelle nation a été championne masculine Lettonie
14%
Quel handicap n’est pas reconnu par les Jeux paralympiques surdité
13%
Combien de points ATP obtient le finaliste d’un master 1000 650
12%
Personnalité français sans bras ni jambes, il a notamment traversée la Manche à la nage et participé au Rallye Dakar Philippe Croizon
12%
En quelle année ont eu lieu les premiers JO paralympiques d’été 1960
9%
Qui est le seul détenteur de la triple couronne Graham Hill
9%
Canadien, considéré comme le plus grand joueur de hockey sur glace de l’histoire Wayne Gretzky
9%
Qui était la finaliste face à Bartoli lors de sa victoire en 2013 à Wimbledon Sabine Lisicki
7%
Champion français de tennis fauteuil, il a notamment remporté Roland Garros en 2012 et 2013 Stéphane Houdet
7%
Paratriathlète français, multiple champion du monde et champion olympique 2020 Alexis Hanquinquant
6%
Qui est le seul a avoir obtenu le 12è dan au judo Jigoro Kano
6%
Recordman du nombre de participations aux JO (10) Ian Millar
4%
En 2016, dans quel discipline Abdellatif Baka a remporté l’or paralympique en faisant une meilleure performance que le champion olympique de la discipline 1500m
3%
Premier stade a avoir accueilli la finale de la coupe du monde Estadio Centenario
3%
Événement sportif pour les soldats et vétérans de guerre blessés créé à l’initiative du Prince Harry Invictus Games
3%
Comment s’appelle le cri que pousse les taekwondoïste kiap
3%
Quel est le record du monde de saut à ski (en mètres) établi par Stefan Kraft en 2017 253,5
2%
Comment s’appelle le centre de la cible au curling bouton
2%
Nom des compartiments dans lesquels sont placés les chevaux au départ d’une course stalles
2%
Avec 10 participations qui est la recorwoman de participation au 24h du Mans Anny Charlotte Verney
1%
Devise des Jeux Olympiques Ciltius, altius, fortius
1%
Les vélos utilisés par les para-athlètes sont des tricycles, des tandems et des … handbike
1%
Pongiste égyptien, qui a joué avec sa bouche et son pied aux JO 2016 Ibrahim Hamadtou
1%
Aucun quiz correspondant
Distribution des résultats
% des personnes avec chaque résultat
Percentile par nombre de réponses
Votre historique - résultats
Vous n’avez pas pris ce quiz